[Event "AUTO-OPEN-4420"]
[Site "http://www.queenalice.com/game.php?id=1804952"]
[Date "2023.1.29"]
[Round "1"]
[White "Dadcol"]
[Black "chessman"]
[Result "1-0"]
[WhiteElo "1987"]
[BlackElo "2008"]

1. d4 d5 2. Bf4 e6 3. Nf3 Nf6 4. e3 a6 5. c4 Be7 6. Nbd2 O-O 7. Rc1 Re8 8. Bd3
c6 9. O-O Nbd7 10. c5 h6 11. Re1 Nf8 12. Bb1 Nh5 13. Bg3 Nxg3 14. hxg3 Ng6 15.
Bxg6 fxg6 16. Ne5 Kh7 17. Qg4 g5 18. Qh5 Bf6 19. Ndf3 Qe7 20. Qg6+ Kg8 21. Ng4
Qf7 22. Nxh6+ 1-0

[Event "AUTO-OPEN-4420"]
[Site "http://www.queenalice.com/game.php?id=1804953"]
[Date "2023.1.29"]
[Round "1"]
[White "chessman"]
[Black "Dadcol"]
[Result "1-0"]
[WhiteElo "1959"]
[BlackElo "2004"]

1. e4 e6 2. d4 d5 3. e5 c5 4. c3 Qb6 5. f4 Nh6 6. Nf3 Nc6 7. Bd3 Be7 8. Bc2 Bd7
9. O-O Na5 10. Kh1 a6 11. h3 Nf5 12. Bxf5 exf5 13. Re1 O-O 14. dxc5 Qa7 15. b4
Nc4 16. Qxd5 Be6 17. Qd1 Rad8 18. Qe2 b5 19. a4 Qb7 20. axb5 axb5 21. Nd4 Bd5
22. Nxf5 Be6 23. Nd6 Qc6 24. Nd2 Nxd2 25. Bxd2 Rb8 26. Ra5 Bxh3 27. Qe4 Bd7 28.
Qd3 Be6 29. Rxb5 g6 30. Ra5 Bd5 31. Qh3 f6 32. c4 Bf7 33. Nxf7 Rxf7 34. Bc3 fxe5
35. fxe5 Rf5 36. Qe3 Rbf8 37. Ra7 Qe6 38. Bd4 Qxc4 39. Rxe7 Rh5+ 40. Kg1 Rf7 41.
Re8+ Rf8 42. Rxf8+ Kxf8 43. c6 Qxc6 44. Bc5+ Ke8 45. Rd1 h6 46. Rd6 Qa4 47. Re6+
Kd8 48. Qd4+ Kc8 49. Rxg6 Qe8 50. Qd6 Rxe5 51. Qa6+ Kb8 52. Rb6+ 1-0

[Event "AUTO-OPEN-4420"]
[Site "http://www.queenalice.com/game.php?id=1804954"]
[Date "2023.1.29"]
[Round "1"]
[White "Dadcol"]
[Black "Wilson"]
[Result "1-0"]
[WhiteElo "1988"]
[BlackElo "1459"]

1. d4 d5 2. Bf4 Nf6 3. Nf3 e6 4. e3 Be7 5. Nbd2 O-O 6. c4 c6 7. h3 Nbd7 8. Bd3
c5 9. O-O b6 10. Rc1 Ba6 11. b3 Rc8 12. Re1 h6 13. Bb1 b5 14. Qc2 bxc4 15. bxc4
Nb6 16. Be5 Nbd7 17. Qa4 Rc6 18. Qxc6 Nb8 19. Bxb8 Qxb8 20. Qxa6 Nh5 21. cxd5
exd5 22. Qd3 Nf6 23. dxc5 a5 24. Nd4 a4 25. Nc6 Qc7 26. Nxe7+ Qxe7 27. Nf3 Rc8
28. Qa3 Nd7 29. Qd3 Nxc5 30. Qh7+ Kf8 31. Qh8# 1-0

[Event "AUTO-OPEN-4420"]
[Site "http://www.queenalice.com/game.php?id=1804955"]
[Date "2023.1.29"]
[Round "1"]
[White "Wilson"]
[Black "Dadcol"]
[Result "0-1"]
[WhiteElo "1457"]
[BlackElo "1990"]

1. e4 e6 2. d4 d5 3. e5 c5 4. Nf3 Qb6 5. Nc3 Bd7 6. Be2 Nc6 7. Na4 Qa5+ 8. Nc3
Nge7 9. Bd2 Qb6 10. O-O Nf5 11. a3 cxd4 12. Na4 Qc7 13. b4 Nxe5 14. Nxe5 Qxe5
15. Nc5 Bxc5 16. bxc5 O-O 17. Rb1 Bc6 18. g3 a5 19. Bf4 Qf6 20. Bg4 e5 21. Bd2
e4 22. Bf4 e3 23. fxe3 dxe3 24. Bxf5 Qxf5 25. Bxe3 Qe4 26. Rf4 Qxe3+ 27. Kh1 d4+
28. Rf3 Bxf3+ 29. Qxf3 Qxf3+ 30. Kg1 Qxa3 31. Rb5 Qc1+ 32. Kg2 Qxc2+ 33. Kh3 d3
0-1

[Event "AUTO-OPEN-4420"]
[Site "http://www.queenalice.com/game.php?id=1804956"]
[Date "2023.1.29"]
[Round "1"]
[White "Dadcol"]
[Black "darthvedder72"]
[Result "1-0"]
[WhiteElo "2004"]
[BlackElo "1974"]

1. d4 b6 2. Bf4 Bb7 3. e3 Nf6 4. Nf3 e6 5. Nbd2 Be7 6. c4 O-O 7. Bd3 d6 8. O-O
Nbd7 9. Rc1 c5 10. b3 Rc8 11. Re1 cxd4 12. exd4 d5 13. Ne5 Nxe5 14. dxe5 Ne8 15.
Nf3 g6 16. h3 Ng7 17. Bh6 Ba3 18. Rb1 a6 19. Qe2 Be7 20. Qd2 1-0

[Event "AUTO-OPEN-4420"]
[Site "http://www.queenalice.com/game.php?id=1804957"]
[Date "2023.1.29"]
[Round "1"]
[White "darthvedder72"]
[Black "Dadcol"]
[Result "0-1"]
[WhiteElo "1959"]
[BlackElo "2019"]

1. d4 e6 2. c4 d5 3. cxd5 exd5 4. Nf3 Nf6 5. Bg5 Bf5 6. e3 Nbd7 7. Bb5 Be7 8.
Ne5 c6 9. Nxd7 Qxd7 10. Be2 Qd6 11. a3 O-O 12. O-O Rfe8 13. b4 Ne4 14. Bf4 Qd7
15. f3 Nf6 16. Nc3 Nh5 17. Be5 Bf6 18. Bxf6 Nxf6 19. Qd2 h6 20. Bd3 Bxd3 0-1

[Event "AUTO-OPEN-4430"]
[Site "http://www.queenalice.com/game.php?id=1807644"]
[Date "2023.3.10"]
[Round "1"]
[White "kuntakinte"]
[Black "Dadcol"]
[Result "0-1"]
[WhiteElo "1720"]
[BlackElo "2031"]

1. e4 e6 2. Bc4 d5 3. exd5 exd5 4. Bb3 Nf6 5. Nf3 a5 6. a4 Be7 7. O-O O-O 8. d3
c5 9. Qe2 Nc6 10. Re1 Be6 11. c3 Re8 12. Qc2 Qc7 13. h3 Bf5 14. Bg5 c4 15. Ba2
Bxd3 16. Qd1 Be4 17. Nbd2 Bg6 18. Bh4 Ne4 19. Bb1 Qf4 20. Bg3 Nxg3 21. fxg3 Qxg3
22. Bxg6 Qxg6 23. b3 Rad8 24. bxc4 dxc4 25. Qb1 Qxb1 26. Raxb1 Rb8 27. Nxc4 h6
28. Nd4 Bc5 29. Rxe8+ Rxe8 30. Rxb7 Nxd4 31. cxd4 Bxd4+ 32. Kf1 Bc3 33. Nd6 Rf8
34. Rc7 Bb4 35. Nc4 f6 36. Ne3 Kh7 37. Nf5 Kg6 38. g4 Rg8 39. Kg2 h5 40. Nh4+
Kg5 41. Nf3+ Kh6 42. Rc6 hxg4 43. hxg4 Kg6 44. g5 Rf8 45. Kh3 Kf5 46. gxf6 gxf6
47. Kh4 Kf4 48. Nd4 Rh8# 0-1

[Event "AUTO-OPEN-4430"]
[Site "http://www.queenalice.com/game.php?id=1807645"]
[Date "2023.3.10"]
[Round "1"]
[White "Dadcol"]
[Black "kuntakinte"]
[Result "1-0"]
[WhiteElo "2026"]
[BlackElo "1747"]

1. d4 d5 2. Bf4 Nc6 3. Nf3 g6 4. e3 Bg4 5. Nbd2 Bg7 6. a3 e6 7. Be2 Nf6 8. c4
Bf5 9. Nh4 Ne4 10. Nxf5 exf5 11. cxd5 Qxd5 12. Bf3 O-O 13. Bxc7 g5 14. Be2 Rac8
15. Bc4 Qd7 16. Bg3 Rce8 17. O-O a6 18. Rc1 b5 19. Ba2 b4 20. Nxe4 Rxe4 21. Qc2
Rc8 22. Qa4 Bf8 23. Qxa6 f4 24. exf4 gxf4 25. d5 fxg3 26. dxc6 gxh2+ 27. Kh1 Qc7
28. Qd3 Rg4 29. Qf5 Rf4 30. Qh3 Rf6 31. Bb1 Rh6 32. Qg4+ Kh8 33. Qe4 b3 34. Rfd1
Rg6 35. Rd7 Qb6 36. Rxf7 Bg7 37. Rd7 Rf8 38. f3 Bxb2 39. Rcd1 Rfg8 40. Qe2 R6g7
41. Qxb2 Qxc6 42. Rxg7 1-0

[Event "AUTO-OPEN-4430"]
[Site "http://www.queenalice.com/game.php?id=1807670"]
[Date "2023.3.10"]
[Round "1"]
[White "TammieM3ENF"]
[Black "Dadcol"]
[Result "0-1"]
[WhiteElo "1229"]
[BlackElo "1986"]

1. d4 e6 2. e4 d5 3. Bd3 Nf6 4. Be3 dxe4 5. Nh3 exd3 6. cxd3 b6 7. f4 Bb7 8. g4
Bxh1 9. g5 Nfd7 10. Nf2 Bd5 11. b3 Bb4+ 12. Kf1 O-O 13. h4 g6 14. Ng4 f6 15.
gxf6 Nxf6 16. Nxf6+ Qxf6 17. Bd2 Bxd2 18. Nxd2 Qxf4+ 19. Ke1 Qg3+ 20. Ke2 Qf2#
0-1

[Event "AUTO-OPEN-4430"]
[Site "http://www.queenalice.com/game.php?id=1807671"]
[Date "2023.3.10"]
[Round "1"]
[White "Dadcol"]
[Black "TammieM3ENF"]
[Result "1-0"]
[WhiteElo "1992"]
[BlackElo "1200"]

1. d4 e5 2. dxe5 d5 3. Nf3 f6 4. exf6 gxf6 5. Bf4 c5 6. e3 d4 7. exd4 cxd4 8.
Nxd4 Bb4+ 9. c3 Qe7+ 10. Be2 Bd6 11. Bxd6 Qxd6 12. O-O b6 13. Re1 Qd8 14. Bf3+
Kf8 15. Bxa8 Qd7 16. Bf3 a5 17. Nd2 b5 18. Qb3 a4 19. Qxb5 Qd8 20. Qxb8 h5 21.
Qb4+ Ne7 22. Ne6+ Bxe6 23. Rxe6 Rh7 24. Rxf6+ Rf7 25. Rxf7+ Kxf7 26. Bxh5+ Ng6
27. Nf3 Qh8 28. Bxg6+ Kxg6 29. Qxa4 Qh5 30. h3 Kh6 31. Re1 Kg6 32. Re6+ Kf5 33.
Re5+ Kg6 34. Qc6+ Kg7 35. Rxh5 1-0

[Event "AUTO-OPEN-4430"]
[Site "http://www.queenalice.com/game.php?id=1807688"]
[Date "2023.3.10"]
[Round "1"]
[White "Dadcol"]
[Black "Lucasbarbaruiva"]
[Result "1-0"]
[WhiteElo "2033"]
[BlackElo "1869"]

1. d4 d5 2. Bf4 e6 3. e3 g6 4. Nf3 Bh6 5. Bg3 b6 6. Nbd2 a5 7. a4 Ba6 8. Bxa6
Nxa6 9. O-O Ne7 10. c3 c5 11. b3 O-O 12. Bh4 f6 13. h3 Nf5 14. Rb1 Rb8 15. Qe2
Nc7 16. dxc5 bxc5 17. Rfd1 e5 18. e4 dxe4 19. Nxe4 Qe7 20. Qc4+ Kg7 21. Nxc5
Rfd8 22. Ne4 Nxh4 23. Nxh4 f5 24. Ng3 f4 25. Ne4 Rxd1+ 26. Rxd1 Rd8 27. Rxd8
Qxd8 28. Nf3 Qe7 29. Qd3 Ne8 30. Qb5 Nd6 31. Nxd6 Qxd6 32. Nxe5 Qd1+ 33. Kh2 Qe1
34. Qd7+ Kf6 35. Ng4+ Kg5 36. Qd5+ Kh4 37. Nxh6 Qxf2 38. Qf3 Qxf3 39. gxf3 Kg5
40. Ng4 Kf5 41. Kg2 h5 42. Nf2 g5 43. c4 Ke5 44. Kf1 Kd4 45. Ke2 Kc5 46. Kd3 Kb4
47. Kc2 Kc5 48. Ne4+ Kd4 49. Nxg5 h4 50. Kd2 Kc5 51. Kd3 Kb4 52. Ne6 Kxb3 53. c5
Kxa4 54. c6 Kb3 55. c7 a4 56. c8=Q a3 57. Qa6 Ka2 58. Nxf4 Kb2 59. Ng2 a2 60. f4
a1=Q 61. Qxa1+ Kxa1 62. f5 Kb2 63. f6 Kc1 64. f7 Kd1 65. f8=Q Kc1 66. Qf2 Kb1
67. Kc3 Ka1 68. Qb2# 1-0

[Event "AUTO-OPEN-4430"]
[Site "http://www.queenalice.com/game.php?id=1807689"]
[Date "2023.3.10"]
[Round "1"]
[White "Lucasbarbaruiva"]
[Black "Dadcol"]
[Result "0-1"]
[WhiteElo "1856"]
[BlackElo "1994"]

1. e4 e6 2. d3 d5 3. exd5 exd5 4. Be3 Nf6 5. g3 Nc6 6. Bg2 Be7 7. Ne2 Qd6 8. O-O
O-O 9. Nd2 a6 10. a3 b5 11. b3 Rb8 12. c4 d4 13. Bf4 Qd7 14. Bxc6 Qxc6 15. Nxd4
Qd7 16. N4f3 Bd6 17. Bxd6 Qxd6 18. Ne4 Nxe4 19. dxe4 Qf6 20. Nd4 Bb7 21. Nc2
Bxe4 22. Ne3 Rbd8 23. Qg4 Rd4 24. f3 Bd3 25. f4 Bxf1 26. Kxf1 Rd3 27. Re1 c6 28.
cxb5 axb5 29. Qf5 Qc3 30. Kf2 Qxb3 31. Ng4 Qc2+ 32. Re2 Rf3+ 33. Kxf3 Qxf5 34.
Re5 Qb1 35. h4 Qd1+ 36. Re2 Re8 37. Ne3 Qb3 38. Kf2 h5 39. Nf5 Rxe2+ 40. Kxe2
Qxa3 41. Ne3 b4 42. Nc4 Qxg3 43. Ne3 Qxf4 44. Kd3 Qxh4 45. Kc2 c5 46. Nd5 Qc4+
47. Kb2 Qxd5 48. Kc2 b3+ 49. Kb2 c4 50. Kc1 Qd3 51. Kb2 Qc2+ 52. Ka1 Qa2# 0-1

[Event "AUTO-OPEN-4437"]
[Site "http://www.queenalice.com/game.php?id=1809598"]
[Date "2023.4.8"]
[Round "1"]
[White "Dadcol"]
[Black "cerenzo72"]
[Result "0-1"]
[WhiteElo "2033"]
[BlackElo "2125"]

1. d4 Nf6 2. Bf4 d6 3. Nf3 Nbd7 4. e3 b6 5. c4 Bb7 6. Nbd2 g6 7. Rb1 Bg7 8. Be2
O-O 9. O-O Nh5 10. Bg3 Nxg3 11. fxg3 e5 12. d5 f5 13. e4 Nc5 14. exf5 gxf5 15.
Nh4 Qd7 16. Ndf3 c6 17. Ng5 h6 18. Ne6 Nxe6 19. dxe6 Qxe6 20. b3 d5 21. cxd5
cxd5 22. Qc2 Rac8 23. Qd1 e4 24. Bh5 d4 25. Bg6 Rc5 26. Rc1 e3 27. Rxc5 bxc5 28.
Bxf5 Rxf5 29. Rxf5 Qe4 30. Qh5 e2 31. h3 Qe3+ 32. Kh2 e1=Q 33. Qf7+ Kh7 34. Rf1
Q1xg3+ 35. Kh1 Qxh3# 0-1

[Event "AUTO-OPEN-4437"]
[Site "http://www.queenalice.com/game.php?id=1809599"]
[Date "2023.4.8"]
[Round "1"]
[White "cerenzo72"]
[Black "Dadcol"]
[Result "1-0"]
[WhiteElo "2111"]
[BlackElo "2044"]

1. e4 e6 2. Nf3 d5 3. Nc3 Nf6 4. e5 Nfd7 5. d4 c5 6. dxc5 Bxc5 7. Bd2 a6 8. Na4
Ba7 9. c4 dxc4 10. Bb4 Nc6 11. Bd6 Nb6 12. Nc3 Bd7 13. a4 Na5 14. h4 Nb3 15. Ra2
a5 16. Ng5 Bc6 17. Qg4 Qd7 18. Bxc4 Nxc4 19. Qxc4 Nd4 20. O-O Nf5 21. Rd1 Nxh4
22. Qxh4 h6 23. b3 Qc8 24. Nge4 Qd7 25. Bc5 Qc7 26. Nd6+ Kf8 27. Ndb5+ 1-0

[Event "AUTO-OPEN-4437"]
[Site "http://www.queenalice.com/game.php?id=1809600"]
[Date "2023.4.8"]
[Round "1"]
[White "Dadcol"]
[Black "TammieM3ENF"]
[Result "1-0"]
[WhiteElo "2042"]
[BlackElo "1144"]

1. d4 e5 2. dxe5 d6 3. Nf3 d5 4. Nc3 Be6 5. Bf4 f6 6. exf6 gxf6 7. h3 c5 8. e3
b5 9. Nxb5 d4 10. Nc7+ Ke7 11. Nxa8 Nc6 12. Nc7 Ne5 13. Nxe6 Kxe6 14. Bxe5 fxe5
15. Bc4+ Ke7 16. Nxe5 d3 17. Nc6+ Kd7 18. Nxd8 Kxd8 19. Qxd3+ Ke8 20. Bb5+ Kf7
21. Qf5+ Nf6 22. Rd1 a5 23. Bc4+ Kg7 24. Qg5# 1-0

[Event "AUTO-OPEN-4437"]
[Site "http://www.queenalice.com/game.php?id=1809601"]
[Date "2023.4.8"]
[Round "1"]
[White "TammieM3ENF"]
[Black "Dadcol"]
[Result "0-1"]
[WhiteElo "1146"]
[BlackElo "2031"]

1. d4 e6 2. e4 d5 3. exd5 exd5 4. Bd3 Bd6 5. Be3 Nf6 6. Nf3 Bg4 7. c3 Nbd7 8. b4
a6 9. a4 c6 10. c4 Bxb4+ 11. Nbd2 Bxd2+ 12. Bxd2 O-O 13. h3 Re8+ 14. Ne5 Bxd1
15. Kxd1 Nxe5 16. dxe5 Rxe5 17. f3 h6 18. cxd5 Nxd5 19. g3 Qb6 20. f4 Ree8 21.
f5 Qb3+ 22. Bc2 Qf3+ 23. Kc1 Qxh1+ 24. Kb2 Qxh3 25. g4 Qxg4 26. f6 Nxf6 27. Kb1
Nd5 28. Kc1 Nb4 29. Bb1 Re2 30. Ra3 Qg1+ 31. Kb2 Rxd2+ 32. Bc2 Rxc2+ 33. Kb3
Qb1# 0-1

[Event "AUTO-OPEN-4437"]
[Site "http://www.queenalice.com/game.php?id=1809602"]
[Date "2023.4.8"]
[Round "1"]
[White "Dadcol"]
[Black "Bira47"]
[Result "0-1"]
[WhiteElo "2021"]
[BlackElo "2076"]

1. d4 b6 2. Bf4 Bb7 3. e3 e6 4. Nf3 h6 5. h3 Bd6 6. Bxd6 cxd6 7. Bd3 Nf6 8. Nc3
a6 9. a3 b5 10. O-O O-O 11. Re1 Nc6 12. b4 e5 13. d5 Ne7 14. e4 Rc8 15. Qd2 Ng6
16. Ne2 Qc7 17. Rac1 Qb6 18. Ng3 Nf4 19. Nf5 Rfe8 20. Bf1 Kh7 21. Kh2 g6 22.
N5h4 g5 23. Nf5 Ng8 24. g3 Ng6 25. Kg2 f6 26. g4 Nf4+ 27. Kh2 Ne7 28. h4 Nxf5
29. gxf5 g4 30. Ng1 Rg8 31. Kg3 Nh5+ 32. Kh2 Nf4 33. Kg3 Nh5+ 34. Kh2 g3+ 35.
fxg3 Rxg3 36. Nh3 Rcg8 37. Qf2 Qxf2+ 38. Nxf2 Nf4 39. Bh3 Nxh3 40. Nxh3 Rg2+ 41.
Kh1 R8g3 42. Ng1 Rd2 43. c3 Rdd3 44. Re2 Rxc3 45. Rxc3 Rxc3 46. Kh2 Rxa3 47. Rb2
a5 48. bxa5 Rxa5 49. Rb4 Ba6 50. Rb3 Ra4 51. Re3 b4 52. Rb3 Bc4 53. Rb2 b3 54.
Kg3 Ra2 55. Rb1 b2 56. Nf3 Bd3 57. Rd1 b1=Q 58. Rxb1 Bxb1 0-1

[Event "AUTO-OPEN-4437"]
[Site "http://www.queenalice.com/game.php?id=1809603"]
[Date "2023.4.8"]
[Round "1"]
[White "Bira47"]
[Black "Dadcol"]
[Result "0-1"]
[WhiteElo "2090"]
[BlackElo "2007"]

1. c4 e6 2. g3 Nf6 3. a3 d5 4. Bg2 c6 5. cxd5 cxd5 6. Nf3 Nc6 7. b4 a6 8. Bb2
Be7 9. O-O O-O 10. d4 Bd6 11. e3 Ne7 12. Nbd2 Bd7 13. Ne5 Bb5 14. Re1 Rc8 15.
Rc1 Nd7 16. Ndf3 Nb6 17. Rxc8 Qxc8 18. Qc1 Nc4 19. Nxc4 Bxc4 20. Ne5 Bxe5 21.
dxe5 Ng6 22. e4 Qd7 23. exd5 Bxd5 24. Rd1 Rc8 25. Qd2 Rd8 26. Qg5 Qc7 27. Rc1
Qb8 28. Qe3 h6 29. f4 Bxg2 30. Kxg2 b5 31. Rc2 Qb7+ 32. Qf3 Qa7 33. Qe4 Ne7 34.
g4 Nd5 35. Bd4 Qa8 36. Kf3 Rd7 37. Kg3 Qd8 38. Bc5 Ne7 39. Rc3 Ng6 40. Kg2 Qh4
41. Qf3 Rd2+ 42. Bf2 Qd8 43. Kh3 Kh8 44. Qg3 Kh7 45. Re3 Rd4 46. Rf3 Rc4 47. f5
exf5 48. Rxf5 Kg8 49. Qf3 Qc7 50. Bg3 Rc3 51. Qe2 Ne7 52. e6 f6 53. Rf3 Rxf3 54.
Qxf3 Qc4 55. Qe3 Qf1+ 0-1

[Event "AUTO-OPEN-4430"]
[Site "http://www.queenalice.com/game.php?id=1829486"]
[Date "2024.1.16"]
[Round "2"]
[White "Dadcol"]
[Black "kubinet"]
[Result "0-1"]
[WhiteElo "2005"]
[BlackElo "2072"]

1. f4 d5 2. Nf3 g6 3. g3 Bg7 4. Bg2 e6 5. c3 Nf6 6. d3 O-O 7. O-O c5 8. Na3 a6
9. Nc2 Nc6 10. Rb1 b5 11. Re1 Qc7 12. Bd2 a5 13. e4 e5 14. exd5 Nxd5 15. Nxe5
Nde7 16. Nxc6 Nxc6 17. Na3 b4 18. Nb5 Qb6 19. c4 Rb8 20. Be3 Ba6 21. Nd6 Nd4 22.
Ne4 Bb7 23. b3 f5 24. Ng5 Bxg2 25. Kxg2 Qc6+ 26. Kf2 Rbe8 27. Bd2 h6 28. Nf3
Rxe1 29. Bxe1 Re8 30. Bd2 a4 31. bxa4 Nxf3 32. Qxf3 Qxa4 33. Qd5+ Kh7 34. Re1
Bd4+ 35. Kf1 Rxe1+ 36. Kxe1 Qxa2 37. Qb7+ Bg7 38. Bc1 Qxh2 39. Qf3 b3 40. d4
Qg1+ 41. Kd2 Qxd4+ 0-1

[Event "AUTO-OPEN-4430"]
[Site "http://www.queenalice.com/game.php?id=1829487"]
[Date "2024.1.16"]
[Round "2"]
[White "kubinet"]
[Black "Dadcol"]
[Result "1-0"]
[WhiteElo "2029"]
[BlackElo "2021"]

1. e4 e6 2. d4 d5 3. Nc3 c5 4. exd5 exd5 5. dxc5 d4 6. Bb5+ Nc6 7. Nce2 Bxc5 8.
Qd3 Ne7 9. Nf3 Bf5 10. Qc4 Bb4+ 11. Qxb4 1-0